Normal view
MARC view
- ENGINEERING THERMODYNAMICS. THERMODYNAMICS
Entry Topical Term
001 - CONTROL NUMBER
- control field: 77771
003 - CONTROL NUMBER IDENTIFIER
- control field: NUST
005 - DATE AND TIME OF LATEST TRANSACTION
- control field: 20210628210009.0
008 - FIXED-LENGTH DATA ELEMENTS
- fixed length control field: 210628|| aca||aabn | a|a d
040 ## - CATALOGING SOURCE
- Original cataloging agency: NUST
- Transcribing agency: NUST
150 ## - HEADING--TOPICAL TERM
- Topical term or geographic name entry element: ENGINEERING THERMODYNAMICS. THERMODYNAMICS
670 ## - SOURCE DATA FOUND
- Source citation: Work cat.: (NUST): Moran, Michael J 135, Principles of engineering thermodynamics, 2014
